College Quizbowl Stats
College Quizbowl Stats
Circuits
Seasons
Sets
Records
Detailed Stats
About
Loading...
2024 ACF Winter at Lehigh
Tossups
Bonuses
Players
Teams
Categories (Tossup)
Categories (Bonus)
Kyle Nolan
Bard A
Categories
Category
Powers
Gets
Negs
BBs
Points
Earliest Buzz
Avg. Buzz
First Buzzes
Top 3 Buzzes
Pop Culture
0
1
0
0
10
63
63.00
1
1
Geography/Current Events
0
0
1
0
-5
0.00
0
0
History - Other History
0
0
1
0
-5
0.00
0
0
Science - Biology
0
0
1
0
-5
0.00
0
0
Science - Physics
0
0
1
0
-5
0.00
0
0
Buzzes
Category
Answer
Value
Buzz Position
History - Other History
Nile River
-5
46
Pop Culture
Oasis
10
63
Geography/Current Events
sports betting
-5
68
Science - Biology
hippocampus
-5
93
Science - Physics
amplifiers
-5
112
Previous
1
Next